Building God's kingdom : Norwegian missionaries in highland Madagascar, 1866-1903 /
Building God's Kingdom studies how the encounter with nineteenth century Madagascar influenced the Norwegian Protestant mission. Drawing upon rich Norwegian and Malagasy sources, entangled and multivocal stories are allowed to unfold, revealing the complex dynamics of mission encounters. Tracin...
المؤلف الرئيسي:
التنسيق: كتاب الكتروني
اللغة: English
منشور في:
Leiden ; Boston :
Brill,
2013.
سلاسل:
Studies in Christian Mission
42.
Studies in Christian Mission Online, ISBN: 9789004322295.
الموضوعات:
الوصول للمادة أونلاين: Login to view Source
الوسوم: إضافة وسم
رقم الطلب: BV3625.M2 S63 2013
| LEADER | 03000cam a2200469Ii 4500 | ||
|---|---|---|---|
| 001 | BRILL9789004242128 | ||
| 003 | nllekb | ||
| 005 | 20210602100048.0 | ||
| 006 | m d | ||
| 007 | cr un uuuua | ||
| 008 | 121102s2013 ne a sb 001 0 eng d | ||
| 010 | |a 2012041323 | ||
| 020 | |a 9789004242128 |q (electronic book) | ||
| 020 | |z 9789004240827 |q (print) | ||
| 024 | 7 | |a 10.1163/9789004242128 |2 DOI | |
| 040 | |a NL-LeKB |c NL-LeKB |e rda | ||
| 043 | |a e-no--- |a f-mg--- | ||
| 050 | 4 | |a BV3625.M2 |b S63 2013 | |
| 072 | 7 | |a HRCX7 |2 bicssc | |
| 072 | 7 | |a REL |x 045000 |2 bisacsh | |
| 082 | 0 | 4 | |a 266/.0234810691 |2 23 |
| 100 | 1 | |a Skeie, Karina Hestad. | |
| 245 | 1 | 0 | |a Building God's kingdom : |b Norwegian missionaries in highland Madagascar, 1866-1903 / |c by Karina Hestad Skeie. |
| 264 | 1 | |a Leiden ; |a Boston : |b Brill, |c 2013. | |
| 300 | |a 1 online resource (xix, 296 pages) : |b illustrations. | ||
| 336 | |a text |b txt |2 rdacontent | ||
| 337 | |a computer |b c |2 rdamedia | ||
| 338 | |a online resource |2 rdacarrier | ||
| 490 | 1 | |a Studies in Christian mission, |x 0924-9389 ; |v v. 42 | |
| 504 | |a Includes bibliographical references (p. [285]-292) and index. | ||
| 505 | 0 | 0 | |a Preliminary Material -- Introduction -- Nineteenth Century Norway and the Mission -- Nineteenth-Century Madagascar and the Norwegian Mission -- The Mission Station: Building a Home -- The Church Building: Building a Lutheran Church -- Crossroads and a Malagasy Challenge -- From Mission to Church -- Seized by the Mission -- Conclusions -- Appendix -- Bibliography -- Index. |
| 506 | |a Available to subscribing member institutions only. | ||
| 520 | |a Building God's Kingdom studies how the encounter with nineteenth century Madagascar influenced the Norwegian Protestant mission. Drawing upon rich Norwegian and Malagasy sources, entangled and multivocal stories are allowed to unfold, revealing the complex dynamics of mission encounters. Tracing Malagasy agency and pursuit of churchly independence in pre-colonial and colonial Madagascar, this study explores the power-struggles between the Malagasy, the missionaries and between the mission in Norway and Madagascar. Through careful attention to context and agency, Karina Hestad Skeie provides new perspectives on the interplay between the local and the global in Christian missions, and on the centrality and restrictions of local agency on mission policy. | ||
| 650 | 0 | |a Missions, Norwegian |z Madagascar |x History |y 19th century. | |
| 651 | 0 | |a Madagascar |x Church history |y 19th century. | |
| 776 | 0 | 8 | |i Print version: |t Building God's Kingdom: Norwegian Missionaries in Highland Madagascar 1866 - 1903 |d Leiden, Boston : BRILL, 2013, |z 9789004240827 |
| 830 | 0 | |a Studies in Christian Mission |v 42. | |
| 830 | 0 | |a Studies in Christian Mission Online, ISBN: 9789004322295. | |
| 856 | 4 | |z DOI: |u http://dx.doi.org/10.1163/9789004242128 | |
| 942 | |c EBOOK | ||
| 952 | |0 0 |1 0 |4 0 |7 1 |9 13734 |a BRILL |b BRILL |d 2021-06-02 |l 0 |r 2021-06-02 00:00:00 |w 2021-06-02 |y EBOOK | ||
| 999 | |c 35185 |d 35185 | ||
